Datum a čas kvízu
16.5
Celkem bodů
Celkový počet nahraných bodů na tomto kvízu bez doplňovacích otázek.
15.
Pořadí na kvízu
Konečné umístění týmu na tomto kvízu.
Zaznamenané odpovědi
| # | Otázka | Odpověď | Body | Výsledky |
|---|---|---|---|---|
| 1. | Jedno pražské brašnářství minu... | Tlustý (a spol.) | 1 | |
| 2. | Ve kterém evropském městě se n... | ve Frankfurtu (nad Mohanem) | 0 | |
| 3. | Televizní soutěž Na lovu se př... | Bandita | 0 | |
| 4. | Kuriózní dopravní nehodu musel... | C) hřbitova | 1 | |
| 5. | Český reprezentant Alex Král p... | Espanyol (Barcelona) | 0 | |
| 6. | V tomto tématu budete mít vždy... | 12. století | 0 | |
| 7. | Bartolomeu Dias obeplouvá mys... | 15. století | 0 | |
| 8. | Narodil se Marco Polo, proběhl... | 13. století | 1 | |
| 9. | Založení Petrohradu, podepsání... | 18. století | 0 | |
| 10. | Počátek islámského letopočtu,... | 7. století | 0 |